书目信息 |
| 题名: |
教你认识儿童治未病
|
|
| 作者: | 霍莉莉 主编 | |
| 分册: | 运动发育迟缓 | |
| 出版信息: | 北京 科学出版社 2018.01 |
|
| 页数: | 39页 | |
| 开本: | 21cm | |
| 丛书名: | ||
| 单 册: | ||
| 中图分类: | R272 | |
| 科图分类: | ||
| 主题词: | 中医儿科学--zhong yi er ke xue--预防医学 , 小儿疾病--xiao er ji bing--发育异常--诊疗 | |
| 电子资源: | ||
| ISBN: | 978-7-03-054177-2 | |
| 000 | 01124nam0 2200253 450 | |
| 001 | 0109110109 | |
| 005 | 20201109110335.0 | |
| 010 | @a978-7-03-054177-2@dCNY20.00 | |
| 100 | @a20180217d2018 em y0chiy50 ea | |
| 101 | 0 | @achi |
| 102 | @aCN@b110000 | |
| 105 | @ay z 000yy | |
| 106 | @ar | |
| 200 | 1 | @a教你认识儿童治未病@Ajiao ni ren shi er tong zhi wei bing@i运动发育迟缓@f霍莉莉主编 |
| 210 | @a北京@c科学出版社@d2018.01 | |
| 215 | @a39页@d21cm | |
| 300 | @a“你应该知道的医学常识”大型医学知识普及系列/舒志军,周铭总主编 | |
| 330 | @a本书贯彻“治未病”的思想,从运动发育迟缓的发现与甄别,到运动发育迟缓的诊断与治疗,再到运动发育迟缓的防止复发,一步一步让读者明白什么情况下可以及时介入,遏制运动发育迟缓的发生,实现未病先防,防微杜渐;什么情况下需要进行系统治疗,实现既病防变,防止恶化;运动发育迟缓临床痊愈后,家长和老师可以给予什么帮助,实现瘥后防复,巩固疗效。 | |
| 606 | 0 | @a中医儿科学@Azhong yi er ke xue@x预防医学 |
| 606 | 0 | @a小儿疾病@Axiao er ji bing@x发育异常@x诊疗 |
| 690 | @aR272@v5 | |
| 701 | 0 | @a霍莉莉@Ahuo li li@c(女)@4主编 |
| 801 | 0 | @aCN@bBJSZM@c20201103 |
| 905 | @b1266824-7@dR272@e540@f4 | |
| 教你认识儿童治未病.运动发育迟缓/霍莉莉主编.-北京:科学出版社,2018.01 |
| 39页;21cm |
| “你应该知道的医学常识”大型医学知识普及系列/舒志军,周铭总主编 |
| ISBN 978-7-03-054177-2:CNY20.00 |
| 本书贯彻“治未病”的思想,从运动发育迟缓的发现与甄别,到运动发育迟缓的诊断与治疗,再到运动发育迟缓的防止复发,一步一步让读者明白什么情况下可以及时介入,遏制运动发育迟缓的发生,实现未病先防,防微杜渐;什么情况下需要进行系统治疗,实现既病防变,防止恶化;运动发育迟缓临床痊愈后,家长和老师可以给予什么帮助,实现瘥后防复,巩固疗效。 |
| ● |
| 相关链接 |
|
|
|
|
正题名:教你认识儿童治未病
索取号:R272/540
 
预约/预借
| 序号 | 登录号 | 条形码 | 馆藏地/架位号 | 状态 | 备注 |
| 1 | 1266824 | 212668246 | 第二样本阅览室/ [索取号:R272/540] | 在馆 | |
| 2 | 1266825 | 212668255 | 教育系资料室/ [索取号:R272/540] | 在馆 | |
| 3 | 1266826 | 212668264 | 教育系资料室/ [索取号:R272/540] | 在馆 | |
| 4 | 1266827 | 212668273 | 第三借阅区/ [索取号:R272/540] | 在馆 |